000
00245nam a22001217a 4500
040
_c
HS
082
_a
577
100
_a
TRUDY MCKEE
245
_a
Biochemistry : an introduction
260
_a
RUA
_b
TRUDY MCKEE
_c
NA
300
_a
331p;
942
_c
EK
999
_c
9576
_d
9576